Statistics for Historical Figures by Letter - B

Click here to take the quiz!

General Stats

  • This quiz has been taken 91 times
  • The average score is 13 of 20

Answer Stats

HintFigure% Correct
Deaf German composerLudwig van
Beethoven
99%
Siddhārtha GautamaBuddha
98%
Often credited with inventing
the telephone
Alexander
Graham Bell
98%
"Liberator" of South America
during the 19th century
Simón Bolívar
91%
Abraham Lincoln's assassinJohn Wilkes Booth
88%
Beheaded wife of Henry VIIIAnne Boleyn
88%
He founded Amazon.comJeff Bezos
86%
French emperor, 1804-1815Napoleon Bonaparte
84%
"Jane Eyre" authorCharlotte Brontë
79%
"Brandenburg Concertos"J.S. Bach
76%
Successor of KrushchevLeonid Brezhnev
76%
Female Pakistani prime ministerBenazir Bhutto
69%
Female lead in "Casablanca"Ingrid Bergman
65%
"Iron Chancellor"
who united Germany
Otto von Bismarck
64%
Celtic queen who led a revolt
against the Romans
Boudica
55%
"Axis of Evil" presidentGeorge W. Bush
34%
Father of rocket scienceWernher von Braun
30%
Greatest cricketer of all timeDonald Bradman
30%
Former General-Secretary of
the United Nations
Ban Ki-Moon
29%
Founder of Bahá'í Faith{Bahá}'u'lláh
11%

Score Distribution

Percentile by Number Answered

Percent of People with Each Score

Your Score History

You have not taken this quiz